Victims and insurers await a ruling on pleural plaques (Record no. 76673)

MARC details
000 -LEADER
fixed length control field 00870cab a2200193 4500
001 - CONTROL NUMBER
control field ##L132893
008 - FIXED-LENGTH DATA ELEMENTS--GENERAL INFORMATION
fixed length control field 060317n2006 000 0 eng u
035 ## - SYSTEM CONTROL NUMBER
System control number (Sirsi) u132893
041 0# - LANGUAGE CODE
Language code of text/sound track or separate title eng
100 1# - MAIN ENTRY--PERSONAL NAME
Personal name Bell, James
245 00 - TITLE STATEMENT
Title Victims and insurers await a ruling on pleural plaques
260 ## - PUBLICATION, DISTRIBUTION, ETC.
Date of publication, distribution, etc. 2006
490 #0 - SERIES STATEMENT
Series statement Construction News
Volume/sequential designation (6958) 16 March 2006, 32(1)
520 ## - SUMMARY, ETC.
Summary, etc. Reports on the decision in "Rothwell v Chemical and Insulating Co Ltd and another" ([2006] EWCA Civ 27, unreported), where the CA ruled on public policy grounds that victims of lung scarring caused by asbestos inhalation were not entitled to compensation unless and until cancer itself develops.
590 ## - LOCAL NOTE (RLIN)
Local note IKA280306, KA
650 24 - SUBJECT ADDED ENTRY--TOPICAL TERM
Topical term or geographic name entry element ROTHWELL V CHEMICAL AND INSULATING CO LTD AND ANOTHER
690 ## - LOCAL SUBJECT ADDED ENTRY--TOPICAL TERM (OCLC, RLIN)
Topical term or geographic name as entry element MANAGEMENT-HEALTH AND SAFETY-HAZARDOUS SUBSTANCES-ASBESTOS
942 ## - ADDED ENTRY ELEMENTS (KOHA)
Suppress in OPAC 0
Holdings
Withdrawn status Lost status Source of classification or shelving scheme Damaged status Not for loan Home library Current library Shelving location Date acquired Total Checkouts Full call number Barcode Date last seen Copy number Price effective from Koha item type
    Dewey Decimal Classification     London London Journal article 22/03/2006   L132893 132893-1001 06/08/2019 1 06/08/2019 Journal article